NBA KORNER - Statistiques

Statistiques générales
  • Ce quiz a été pris 397 fois
  • Le résultat moyen est 5 sur 10
Statistiques - réponses
Hint Réponse % Correct
Quel est le meilleur scoreur des miami heat? Dwyane Wade
96%
Pour combien de franchise Allen Iverson a-t-il joué? 4
84%
Quelle est la dernière franchise dans laquelle le bigShaq a-t-il joué? Boston Celtics
74%
Qui fait gagner son équipe au game 6 final 2013 avec un 3pointer cluutch? Ray Allen
70%
Contre quel franchise His AIrness met un cross inoubliable en final NBA avant de s'absenter quelques temp? Utah jazz
52%
Quel est le surnom de TIM DUNCAAAN? The big fundamental
32%
Quel joueur a marqué un 3pointer important avec une seule chaussure important lors du game 6 de la final 2013? Mike Miller
17%
Qui fait la passe à Lebron lors du "Mama There goes that man"? Jr Smith
15%
Qui à le record de passe décisive en 1 match ( 23 passe dé) ? Magic Johnson
9%
Qui perd une balle très importante lors du game 5 final 2014 qui permet a OKC de l'emporter? Chris Paul
4%
Aucun quiz correspondant
Distribution des résultats
% des personnes avec chaque résultat
Percentile par nombre de réponses
Votre historique - résultats
Vous n’avez pas pris ce quiz